000 00562nab a2200205 a 4500
005 20240910064328.0
008 991125s1985 mx 000 0 spa u
035 _aUPN01000153046
100 1 _aCLARK, Margaret D.
222 _aJOURNAL OF SPECIAL EDUCATION
245 _aA cross-national study of teachers' atributional patterns
260 _aEUA
300 _a77-89
362 0 _a2000 Vol. 34, no. 2, summer
650 4 _aMAESTROS
650 4 _aAprendizaje
_92861
650 4 _aALUMNOS
700 0 2 _aARTILES, Alfredo J., coaut.
905 _aArticulo
999 _c125168
_d125168